Melhores Séries da História por Nota - Statistics

Estatísticas Gerais
  • Esse quiz foi jogado 741 vezes
  • A pontuação média é 5 de 16
Estatísticas das Respostas
Nota Série % Correto
9,4 Breaking Bad
81%
9,2 Game of Thrones
69%
8,9 Friends
66%
8,7 Stranger Things
49%
9,0 The Office
33%
9,2 The Sopranos
26%
8,9 Better Call Saul
21%
8,7 Dark
21%
8,8 Peaky Blinders
21%
9,4 Chernobyl
19%
8,8 Black Mirror
12%
8,7 Narcos
12%
8,7 The Boys
10%
9,1 Sherlock
9%
9,3 The Wire
9%
8,9 Fargo
3%
Nenhum quiz correspondente encontrado
Distribuição das Pontuações
Porcentagem de Pessoas com Cada Pontuação
Percentil de Números Respondidos
Sua Pontuação Histórica
Você não jogou esse quiz